|
|
|
|
| LEADER |
00000nam0a2200000 4500 |
| 001 |
211428 |
| 005 |
20231101225659.0 |
| 010 |
|
|
|a 9785222195314
|
| 035 |
|
|
|a (RuTPU)RU\TPU\book\230967
|
| 090 |
|
|
|a 211428
|
| 100 |
|
|
|a 20120314d2012 m y0rusy50 ca
|
| 101 |
0 |
|
|a rus
|
| 102 |
|
|
|a RU
|
| 105 |
|
|
|a y z 000zd
|
| 200 |
1 |
|
|a Деникин. Единая и неделимая
|f С. Кисин
|
| 205 |
|
|
|a 2-е изд., стер.
|
| 210 |
|
|
|a Ростов-на-Дону
|c Феникс
|d 2012
|
| 215 |
|
|
|a 413 с.
|
| 225 |
1 |
|
|a След в истории
|
| 330 |
|
|
|a В хроникальной биографии генерала Антона Деникина автор представляет не только военный и жизненный путь одного из виднейших деятелей Белого дела в России, но и особый взгляд на события русско-японской, Первой мировой и Гражданской войн, Февральской и Октябрьской революций. В ней приводится совершенно новая оценка деятельности главных действующих лиц Белого движения — генералов Алексеева, Корнилова, Каледина, Краснова, Врангеля, адмирала Колчака и др. А также виднейших деятелей эпохи — Керенского, Брусилова, Милюкова, Николая И, Распутина, Куропаткина, Савинкова, Троцкого, Ленина, Будённого, Сталина и пр. Книга основана на документах, мемуарах, личной переписке, рапортах, приказах, статистических отчётах того времени.
|
| 600 |
|
1 |
|a Деникин
|g Антон Иванович
|c российский военный деятель
|c военный писатель
|f 1872-1947
|b А. И.
|2 stltpush
|3 (RuTPU)RU\TPU\pers\1132
|
| 606 |
1 |
|
|a Белое движение
|2 stltpush
|3 (RuTPU)RU\TPU\subj\66217
|9 82430
|
| 610 |
1 |
|
|a Россия
|
| 610 |
1 |
|
|a история России
|
| 610 |
1 |
|
|a 20 век
|
| 610 |
1 |
|
|a 19 век
|
| 610 |
1 |
|
|a военные деятели
|
| 610 |
1 |
|
|a биографии
|
| 610 |
1 |
|
|a русско-японская война
|
| 610 |
1 |
|
|a Первая мировая война 1914-1918
|
| 610 |
1 |
|
|a Гражданская война 1918-1921
|
| 610 |
1 |
|
|a Февральская революция 1917
|
| 610 |
1 |
|
|a Октябрьская революция 1917
|
| 686 |
|
|
|a Т3(2)612-414.8
|v LBC/SL-A
|2 rubbk
|
| 700 |
|
1 |
|a Кисин
|b С.
|g Сергей
|
| 801 |
|
1 |
|a RU
|b 63413507
|c 20120314
|
| 801 |
|
2 |
|a RU
|b 63413507
|c 20120705
|g RCR
|
| 942 |
|
|
|c BK
|
| 959 |
|
|
|a 12/20120201
|d 1
|e 0,00
|f ЧЗГЛ:1
|